000 00494nam a2200205Ia 4500
005 20240823020126.0
008 240823s9999||||xx |||||||||||||| ||und||
020 _a81-224-0619-X
041 _aENGLISH
082 _A621.3191P2
100 _aRavindra Arora
245 0 _aHigh voltage insulation Engineering
250 _a1st
260 _c2002
_b"New Age,New "
500 _aYES
650 _aHigh Voltage
_bElectrical
700 _a" Mosch,Wolfgang"
942 _cBK
999 _c174020
_d174020